| 000 | 00540nam a22002057a 4500 | ||
|---|---|---|---|
| 003 | OSt | ||
| 005 | 20260420145535.0 | ||
| 008 | 260420b |||||||| |||| 00| 0 eng d | ||
| 020 | _a978-93-5629-567-4 | ||
| 040 | _cSBCL | ||
| 082 |
_a823 _bBEN-M |
||
| 100 | _aBenyamin | ||
| 245 |
_aMarquez EMS Gulam & Others _bSelected Short Stories |
||
| 260 |
_aHaryana _bHarperCollins Publishers _c2023 |
||
| 300 | _a214p. | ||
| 630 | _xLiterature | ||
| 650 | _aEnglish and Old English Literatures | ||
| 650 | _aEnglish Fiction | ||
| 942 | _cBOOK | ||
| 999 |
_c137981 _d137981 |
||